Quelle divinité de la mythologie grecque ? Clic Quiz - Statistiques

Statistiques générales
  • Ce quiz a été pris 11 415 fois
    11 405 depuis la dernière actualisation
  • Le résultat moyen est 21 sur 30
Statistiques - réponses
Hint Réponse % Correct
Est le roi des dieux, et le dieu du ciel et de la foudre Zeus
99%
Est le dieu de la mer, des tremblements de terre et des chevaux Poséidon
96%
Est la déesse de la sagesse et de la guerre Athéna
92%
Est le dieu du vin, de l'allégresse et du théâtre Dionysos
90%
Est le roi des Enfers Hadès
90%
Est la déesse de l'amour et de la beauté Aphrodite
89%
Est le dieu de la guerre et de la destruction Arès
87%
Est la reine des dieux, et déesse du mariage Héra
85%
Est la déesses de la chasse, protectrice des animaux Artémis
84%
Est le dieu du commerce, des voyages, des voleurs et messager des dieux Hermès
84%
Est le dieu du feu et de la forge Héphaïstos
83%
Est la personnification de la Terre Gaïa
82%
Est le dieu du soleil, de la musique, des arts, du tir à l'arc et de la guérison Apollon
79%
Est la personnification du temps Chronos
79%
Est la déesse du monde souterrain, et du printemps Perséphone
74%
Est le dieu du sommeil Hypnos
73%
Est la déesse de l'agriculture Déméter
70%
Est la déesse du foyer, de la famille et de la vie domestique Hestia
68%
Est la personnification du néant qui vient avant à toutes choses Chaos
64%
Est le dieu de la nature, protecteur des bergers et des troupeaux Pan
61%
Est la déesse de la victoire Niké
60%
Est la déesse de la nuit Nyx
60%
Est la déesse de la Lune personnifiée Séléné
57%
Est le dieu de la médecine Asclépios
54%
Est le dieu de l'amour et de la puissance créatrice Éros
53%
Est la personnification de la mort douce Thanatos
49%
Est la déesse du châtiment céleste Némésis
42%
Est la personnification du Ciel étoilé Ouranos
40%
Est la déesse de la discorde Éris
33%
Est la déesse de la Nouvelle Lune, de la magie et des frontières Hécate
23%
Aucun quiz correspondant
Distribution des résultats
% des personnes avec chaque résultat
Percentile par nombre de réponses
Votre historique - résultats
Vous n’avez pas pris ce quiz depuis la dernière actualisation